| 000 | 00497nam a2200169 a 4500 | ||
|---|---|---|---|
| 001 | 000035272 | ||
| 005 | 20200930074224.0 | ||
| 008 | 111027s1981 xxu 000 0 spa d | ||
| 020 | _z0523418264 | ||
| 040 |
_aDO-SdBNP _bspa _cBNPHU |
||
| 082 | _aXXXX | ||
| 100 | 1 |
_aRenault, Mary _939056 |
|
| 245 | 1 | 0 |
_aFuneral games / _cMary Renault. |
| 260 |
_aNew York : _bPinnacle Books, _c1981. |
||
| 300 |
_a334 p. ; _c18 cm. |
||
| 590 | _aPerteneció a la biblioteca personal de Juan Isidro Jimenes Grullón | ||
| 999 |
_c34763 _d34763 |
||